Elektronické podnikanie ako nevyhnutná inovácia vo vybranom podniku v dôsledku pandémie COVID-19 bakalárska práca

Uložené v:
Podrobná bibliografia
Hlavný autor: Tóth, Róbert
Korporativný autor: Fakulta podnikového manažmentu EU. Katedra podnikových financií
Ďalší autori: Dzilská, Zuzana, 1994-
Médium: Kniha
Jazyk:Slovak
Vydavateľské údaje: Bratislava 2025
Tagy: Pridať tag
Žiadne tagy, Buďte prvý, kto otaguje tento záznam!

MARC

LEADER 00000nbm a2200000 4500
001 0309955
005 20260325141424.9
041 0 |a slo 
044 |a SK 
245 1 0 |a Elektronické podnikanie ako nevyhnutná inovácia vo vybranom podniku v dôsledku pandémie COVID-19  |b bakalárska práca  |c Róbert Tóth ; školiteľ: Zuzana Dzilská 
264 1 |a Bratislava  |c 2025 
300 |a 48 s. 
100 1 |a Tóth, Róbert 
700 1 |a Dzilská, Zuzana, 1994- 
710 2 |a Fakulta podnikového manažmentu EU. Katedra podnikových financií